Manual de evaluación de impacto ambiental: conceptos y antecedentes básicos

Saved in:
Bibliografiske detaljer
Hovedforfatter: Espinoza G., Guillermo (Author)
Format: Bog
Sprog:spansk
Udgivet: Santiago Comisión Nacional del Medio Ambiente 1994
Udgivelse:1a. ed
Fag:
Tags: Tilføj Tag
Ingen Tags, Vær først til at tagge denne postø!

MARC

LEADER 00000nam a2200000 a 4500
001 UCK4208
003 CL-VaPUC
008 050527e19940000CL |||||||||||||||||spa|d
020 |a 9567204063 
082 0 4 |a 363.7  |b ESP  |2 21 
100 0 |a Espinoza G., Guillermo  |e author  |9 492675 
245 1 0 |a Manual de evaluación de impacto ambiental: conceptos y antecedentes básicos 
250 |a 1a. ed 
300 |a Pág. irreg 
942 |c BK 
945 |d 20050527 00:00:00  |a cmena 
260 |a Santiago  |b Comisión Nacional del Medio Ambiente  |c 1994 
650 0 |a Impacto ambiental  |9 262796 
650 0 |a Gestión ambiental   |9 338121 
650 0 |a Proyectos de inversión   |9 261065 
650 0 |a Evaluación de proyectos   |9 259341 
650 0 |a Política gubernamental  |9 262286 
650 0 |a Protección del medio ambiente  |9 257626 
651 7 |a CHILE  |2 CL-VaPUC  |9 492676 
583 |a last modification  |c 20130328 13:31:50  |k Rodrigo Vera 
999 |c 313148  |d 313146 
952 |0 0  |1 0  |4 0  |6 363_700000000000000_ESP_1994  |7 0  |8 A  |9 384249  |a BIBDER  |b BIBDER  |d 2019-11-22  |i 4129733  |l 1  |o 363.7 ESP 1994  |p 4129733  |r 2023-01-25  |s 2021-10-19  |w 2019-11-22  |y BK  |k DER